000 00649nam a22002297a 4500
999 _c9184
_d9184
003 AR-CdUCM
008 190327b ||||| |||| 00| 0 spa d
020 _a978-0-141-19481-3
040 _aMUNICIPALIDAD PROVINCIAL DEL CUSCO
_cBIBLIOTECA MUNICIPAL DEL CUSCO
041 _heng
082 _a828.9 /
_bW81
100 _aWoolf, Virginia
_925240
245 _aTo the lighthouse /
260 _aAustralia :
_bMixed sources,
_c2010.
300 _a267 paginas ;
_c18 cm.
505 _aContenido :Novela
650 _aNovelas
_9218
650 _aLiteratura Australiana
_925241
650 _aAustralia
_925242
942 _2ddc
_cLIBROS
945 _awnts